WWE Raw - 2008: Wrestlers by Year - Statistics

General Stats
  • This quiz has been taken 132 times
  • The average score is 44 of 95
Answer Stats
Date of First Match Wrestler % Correct
February 4 John Cena
97%
January 7 Triple H
96%
January 14 Randy Orton
91%
January 7 Shawn Michaels
91%
March 10 The Undertaker
89%
March 10 Edge
88%
March 10 Kane
88%
May 19 Batista
87%
January 14 Mini Batista
87%
March 31 Matt Hardy
84%
March 10 CM Punk
82%
January 7 Jeff Hardy
82%
March 3 The Big Show
80%
January 7 Chris Jericho
79%
July 7 Rey Mysterio
78%
May 5 The Miz
77%
March 24 Jerry Lawler
73%
January 7 Umaga
73%
January 28 Cody Rhodes
72%
April 21 Chavo Guerrero
68%
January 7 John Bradshaw Layfield
67%
May 5 John Morrison
67%
February 4 Santino Marella
66%
January 21 Mark Henry
64%
January 14 Mini Mr. Kennedy
64%
January 7 Mr. Kennedy
64%
March 24 MVP
64%
January 14 The Great Khali
64%
January 14 Ric Flair
63%
February 11 Vince McMahon
62%
January 7 Ashley Massaro
61%
January 21 Finlay
59%
June 30 Ted DiBiase
59%
May 5 Kofi Kingston
57%
January 7 Carlito
56%
December 1 Dolph Ziggler
55%
May 5 Shelton Benjamin
55%
February 4 Kelly Kelly
53%
January 7 Mickie James
53%
January 14 Beth Phoenix
51%
January 7 Hornswoggle
50%
January 7 Melina
50%
January 7 William Regal
49%
April 28 Michelle McCool
47%
January 7 Hardcore Holly
44%
January 21 Brian Kendrick
42%
December 22 Trish Stratus
42%
April 28 Layla
41%
December 8 R-Truth
41%
May 5 Tommy Dreamer
41%
January 14 Mini Mankind
40%
March 31 JTG
39%
April 28 Natalya
39%
November 24 Goldust
38%
January 7 Mick Foley
38%
November 3 Vladimir Kozlov
37%
September 22 Deuce
36%
January 7 Maria
35%
February 4 Paul London
35%
March 31 Shad Gaspard
35%
January 7 Charlie Haas
34%
August 25 Primo
34%
July 28 Michael Cole
33%
December 15 Sim Snuka
33%
November 3 Brie Bella
32%
July 28 Jamie Noble
32%
February 4 Lance Cade
32%
September 8 Evan Bourne
31%
January 7 Snitsky
31%
March 10 Candice Michelle
30%
June 16 Eve Torres
29%
June 16 Maryse
29%
January 7 Trevor Murdoch
29%
May 5 Elijah Burke
28%
January 7 Jillian Hall
27%
May 5 Mike Knox
25%
February 4 Victoria
24%
February 25 DH Smith
19%
July 21 D'Lo Brown
18%
March 17 Hacksaw Jim Duggan
18%
September 8 Manu
18%
February 18 Val Venis
18%
February 4 Super Crazy
16%
April 28 Katie Lea Burchill
13%
February 11 Paul Burchill
13%
April 28 Cherry
12%
May 5 Matt Striker
11%
May 5 Nunzio
10%
November 3 Mae Young
9%
May 5 Stevie Richards
9%
May 5 Bam Neely
8%
January 7 Robbie McAllister
8%
January 7 Rory McAllister
7%
June 16 Lena Yada
4%
November 3 Tiffany
2%
No matching quizzes found
Score Distribution
Percent of People with Each Score
Percentile by Number Answered
Your Score History
You have not taken this quiz